000 00837nam a2200241Ia 4500
003 OSt
005 20240801094115.0
008 210716s1972 xx 000 0 und d
040 _cAIMIT LIBRARY
041 _aeng
082 _a374.22
_21
_bSIMS
100 _aSimon, Sidney B.
_9174616
245 _aValues clarification :
_bhand book of practical strategies for teachers and students /
_cBy Sidney B Simon, Leland W Howe and Howard Kirschenbaum.
250 _a1st ed.
260 _aNew York :
_bHart publishing company Inc ,
_c1972.
300 _a397p. ;
_bPB
_c21.3 cm
650 _aTwenty things you love to do
_9174617
650 _aEither-or forced choice
_9174618
650 _aValues geography
_9174619
700 _aHowe, Leland W.
_9174620
700 _aKirschenbaum, Howard.
_9174621
942 _2ddc
_cBK
_e1st
_k374.22 SIMS
999 _c201224
_d201224